Vista normal Vista MARC

Entrada Topical Term

Número de registros utilizados en: 1

001 - CONTROL NUMBER

  • control field: 48811

003 - CONTROL NUMBER IDENTIFIER

  • control field: OSt

005 - DATE AND TIME OF LATEST TRANSACTION

  • control field: 20210920195859.0

008 - FIXED-LENGTH DATA ELEMENTS

  • fixed length control field: 860211i| anannbabn |a ana

040 ## - CATALOGING SOURCE

  • Original cataloging agency: clbn-clbn

150 ## - HEADING--TOPICAL TERM

  • Topical term or geographic name entry element: Aspectos Religiosos - Religion O Denominacion

670 ## - SOURCE DATA FOUND

  • Source citation: LEMB

670 ## - SOURCE DATA FOUND

  • Source citation: Subject cataloging manual : subject headings.-- H1998, p.2-3

680 ## - PUBLIC GENERAL NOTE

  • Heading or subdivision term: Use esta subdivisión bajo temas no religiosos o no éticos para designar obras que discuten el tema desde el punto de vista religioso. No use esta subdividión bajo clases de personas. Cuando utilize un encabezamiento de el tipo: tema - ASPECTOS RELIGIOSOS - NOMBRE DE RELIGION O DENOMINACION , asigne como un segundo encabezamiento el nombre de la religión o denominación con la subdivisión de tema apropiada.

750 ## - ESTABLISHED HEADING LINKING ENTRY--TOPICAL TERM

  • Topical term or geographic name entry element: Religious Aspect - Religion or Denomination